| 000 | 00582nam a22002177a 4500 | ||
|---|---|---|---|
| 005 | 20210426081809.0 | ||
| 008 | 210215s2016 ||||| |||| 00| 0 eng d | ||
| 020 | _a9781408880210 (hb) | ||
| 020 | _a9781408880234 (epub) | ||
| 040 |
_aeng _cDLC |
||
| 041 | _aeng | ||
| 080 |
_a94 _bW-32 |
||
| 100 |
_9870 _aWatson, Alan |
||
| 245 |
_aChurchill's Legacy _b: Two Speeches to Save the World _c/ by: Bloomsbury |
||
| 260 |
_aLondon _bBloomsbury _c2016 |
||
| 300 |
_a204 p. _bill. |
||
| 365 | _b25 usd | ||
| 650 | 0 |
_9252 _aHistory |
|
| 653 | _aისტორია | ||
| 942 |
_2udc _cBK |
||
| 999 |
_c1376 _d1376 |
||